00419nam a22001337a 450000500170000000800410001704100130005808200130007110000120008424500450009626000860014130000320022765000260025920240510084223.0240510b |||||||| |||| 00| 0 eng d aEnglish  a349 LAW  lEnglish aThe Law Reports: Queen's Bench Division  aLondon: bThe Incorporated Council of Law Reporting for England and Wales, c1985 bxxiv, 1215 pages; c25 cm.  aLegal practice bLaw